Pneumatologie in der Alten Kirche /

Saved in:
Bibliographic Details
Main Author: Hauschild, Wolf-Dieter.
Other Authors: Drecoll, Volker Henning.
Format: Book
Language:German
Published: Bern ; New York : Lang, c2004.
Series:Traditio Christiana (Bern, Switzerland) ; 12.
Subjects:
Tags: Add Tag
No Tags, Be the first to tag this record!
LEADER 01290nam a2200313Mi 4500
001 009332805-2
005 20050206205642.0
008 040402s2004 sz b 001 0 ger d
016 7 |a 969746245  |2 GyFmDB 
020 |a 3906768732 (hd.bd.) 
035 0 |a ocm54880649 
040 |a OHX  |c OHX 
050 0 0 |a BT119  |b .H38 2004 
072 7 |a BR  |2 lcco 
100 1 |a Hauschild, Wolf-Dieter. 
245 1 0 |a Pneumatologie in der Alten Kirche /  |c Wolf-Dieter Hauschild, Volker Henning Drecoll. 
260 |a Bern ;  |a New York :  |b Lang,  |c c2004. 
300 |a lix, 372 p. ;  |c 23 cm. 
490 1 |a Traditio christiana,  |x 0172-1372 ;  |v 12 
546 |a Original languages and modern German on facing pages. 
504 |a Includes bibliographical references (p. xxix-lv) and indexes. 
650 0 |a Holy Spirit  |x History of doctrines  |y Early church, ca. 30-600  |v Sources. 
650 0 |a Holy Spirit  |x History of doctrines  |y Early church, ca. 30-600  |v Sources. 
650 0 |a Trinity  |x History of doctrines  |y Early church, ca. 30-600  |v Sources. 
700 1 |a Drecoll, Volker Henning. 
776 0 8 |i Online version:  |a Hauschild, Wolf-Dieter.  |t Pneumatologie in der Alten Kirche.  |d Bern ; New York : Lang, ©2004  |w (OCoLC)648766677 
830 0 |a Traditio Christiana (Bern, Switzerland) ;  |v 12. 
988 |a 20040407 
906 |0 OCLC